Fast typing to 100 in binary - Statistics

General Stats
  • This quiz has been taken 7,209 times
  • The average score is 34 of 100
Answer Stats
Answer % Correct
1
100%
10
89%
11
83%
100
74%
101
72%
110
70%
111
69%
1000
68%
1001
67%
1010
67%
1011
66%
1100
64%
1101
64%
1110
64%
1111
64%
10000
63%
10001
62%
10010
62%
10011
61%
10100
61%
10101
60%
10110
60%
10111
59%
11000
59%
11001
58%
11010
57%
11011
57%
11100
56%
11101
55%
11110
55%
11111
54%
100000
53%
100001
52%
100010
51%
100011
51%
100100
50%
100101
49%
100110
48%
100111
47%
101000
46%
101001
45%
101010
44%
101011
43%
101100
41%
101101
40%
101110
38%
101111
37%
110000
35%
110001
34%
110010
32%
110011
30%
110100
28%
110101
27%
110110
25%
110111
24%
111000
23%
111001
22%
111010
21%
111011
20%
111100
19%
111101
18%
111110
17%
111111
16%
1000000
15%
1000001
14%
1000010
13%
1000011
12%
1000100
11%
1000101
10%
1000110
10%
1000111
9%
1001000
9%
1001001
8%
1001010
8%
1001011
8%
1001100
8%
1001101
7%
1001110
7%
1001111
7%
1010000
7%
1010001
6%
1010010
6%
1010011
6%
1010100
5%
1010101
5%
1010110
5%
1010111
5%
1011000
5%
1011001
4%
1011010
4%
1011011
4%
1011100
4%
1011101
4%
1011110
4%
1011111
4%
1100000
4%
1100001
4%
1100100
4%
1100010
3%
1100011
3%
No matching quizzes found
Score Distribution
Percent of People with Each Score
Percentile by Number Answered
Your Score History
You have not taken this quiz